000
00218 a2200097 4500
001
59489
100
_a
245
_a
Small spaces beautiful kitchen
260
_a
China
_b
Rockport
_c
2005
090
_c
36404
_d
36404
942
_a
NUST-CAE
_c
MONOGRAPH
_c
29341
999
_c
294562
_d
294562